|
|
|
|
| LEADER |
01223nam a2200289 u 4500 |
| 001 |
10026958 |
| 003 |
upatras |
| 005 |
20210117205955.0 |
| 008 |
950519s1971 uk eng |
| 020 |
|
|
|a 0850660521
|
| 040 |
|
|
|a GR-PaULI
|c GR-PaULI
|
| 041 |
0 |
|
|a eng
|
| 082 |
0 |
4 |
|a 530.4
|
| 245 |
1 |
0 |
|a Conduction in low-mobility materials
|b proceedings of the Second International Conference on Conduction in Low-Mobility Materials, 5-8 April 1971, Eilat, Israel
|c edited by N. Klein, D. S. Tannhauser, and M. Pollak
|
| 260 |
|
|
|a London
|b Taylor & Francis
|c 1971
|
| 300 |
|
|
|a xiv, 464 p.
|b fig., tab.
|
| 504 |
|
|
|a Includes index
|
| 650 |
|
4 |
|a Επιστήμη των υλικών
|9 1328
|
| 650 |
|
4 |
|9 179
|a Φυσική της στερεάς κατάστασης
|
| 700 |
1 |
|
|a Klein, N.
|4 edt
|9 152735
|
| 700 |
1 |
|
|a Pollak, M.
|4 edt
|9 152736
|
| 700 |
1 |
|
|a Tannhauser, D. S.
|4 edt
|9 152737
|
| 852 |
|
|
|a GR-PaULI
|b ΠΑΤΡΑ
|b ΦΥΣΙΚΟ
|k ΑΕΧ-1
|h 530.4 KLE
|m 01965
|p 025000018979
|t 1
|
| 942 |
|
|
|2 ddc
|c BK15
|
| 952 |
|
|
|0 0
|1 0
|4 0
|6 530_400000000000000_KLE
|7 0
|9 197342
|a PHYS
|b PHYS
|d 2016-04-24
|i 01965
|l 0
|o 530.4 KLE
|p 025000018979
|r 2016-04-24 00:00:00
|t 1
|w 2016-04-24
|y BK15
|
| 998 |
|
|
|c ΔΡΑΚΟΠΟΥΛΟΥ
|d 2001-07
|
| 999 |
|
|
|c 121151
|d 121151
|